Escritos sobre Pequeño Teatro (Registro nro. 325919)

Detalles MARC
000 -ENCABEZADO
Número de control [NR] 01334nam a22002777a 4500
005 - FECHA Y HORA DE LA ÚLTIMA TRANSACCIÓN
control field 20251126080614.0
008 - DE LONGITUD FIJA DE DATOS DE ELEMENTOS - INFORMACIÓN GENERAL
Elementos de longitud fija [NR] 251126b ||||| |||| 00| 0 spa d
020 ## - NUMERO INTERNACIONAL NORMALIZADO PARA LIBROS [R]
Número Internacional Normalizado del libro [NR] 9789587537154
020 ## - NUMERO INTERNACIONAL NORMALIZADO PARA LIBROS [R]
Número Internacional Normalizado del libro [NR] 9789587537161
040 ## - FUENTE DE CATALOGACION [NR]
Agencia de catalogación original [NR] CO-BoUCM
Quien Cataloga David Moreno
Quien Clasifica David Moreno
041 ## - CODIGO DE IDIOMA [R]
Código de idioma para texto/pista de sonido o título separado [R] Español
110 2# - ASIENTO PRINCIPAL--NOMBRE CORPORATIVO [NR]
Nombre corporativo o de jurisdicción como elemento de entrada [NR] Ministerio de las Culturas, las Artes y los Saberes (Colombia)
ID de autoridad 187344
245 10 - MENCION DE TITULO [NR]
Título [NR] Escritos sobre Pequeño Teatro
Mención de responsabilidad, etc. [NR] El ministerio
250 ## - MENCION DE EDICION [NR]
Mención de edición [NR] 1a.Ed
260 ## - PUBLICACION, DISTRIBUCION, ETC. (PIE DE IMPRENTA) [R]
Lugar de publicación, distribución, etc. [R] Medellín, Colombia
Nombre del editor, distribuidor, etc. [R] Ministerio de las Culturas, las Artes y los Saberes
Fecha de publicación, distribución, etc. [R] 2023
300 ## - DESCRIPCION FISICA [R]
Extensión [R] 350 paginas
Otros detalles físicos [NR] ilustraciones
500 ## - NOTA GENERAL [R]
Nota general [NR] Obra colectiva publicada por el Ministerio de las Culturas, las Artes y los Saberes.
500 ## - NOTA GENERAL [R]
Nota general [NR] Contiene información institucional, créditos y textos relacionados con la actividad del Pequeño Teatro.
520 ## - NOTA DE RESUMEN, ETC. [R]
Nota de sumario, etc. [NR] Compilación de escritos y materiales sobre el Pequeño Teatro de Medellín, su historia, grupos artísticos y producción cultural.
650 14 - ASIENTO SECUNDARIO DE MATERIA - TERMINO TEMATICO [R]
Término temático o nombre geográfico como elemento de entrada [NR] Teatro latinoamericano
Subdivisión general [R] Historia y crítica
9 (RLIN) 187345
650 14 - ASIENTO SECUNDARIO DE MATERIA - TERMINO TEMATICO [R]
Término temático o nombre geográfico como elemento de entrada [NR] Teatro colombiano
Subdivisión general [R] Instituciones culturales
9 (RLIN) 187346
650 14 - ASIENTO SECUNDARIO DE MATERIA - TERMINO TEMATICO [R]
Término temático o nombre geográfico como elemento de entrada [NR] Arte dramático
Subdivisión general [R] Estudios y análisis
9 (RLIN) 187347
710 2# - ASIENTO SECUNDARIO - NOMBRE CORPORATIVO [R]
Nombre corporativo o de jurisdicción como elemento de entrada [NR] Pequeño Teatro (Medellín, Colombia), entidad creativa
9 (RLIN) 187348
942 ## - ELEMENTOS DE ENTRADA AGREGADOS (KOHA)
Sistema de clasificación DEWEY
Tema principal Arte
Tipo de ítem principal el descrito en 300a Libro
Edición 1
Clasificación 792.09
Parte restante de la signatura top. M665e
Título oculto en OPAC No
Existencias
Fecha de último préstamo Total préstamos Signatura topográfica Código de barras Última vez visto Ejemplar Costo de reposición Price effective from Tipo de ítem Nota pública (OPAC) Perdido Sistema de clasificación Dañado No prestable Tipo de ítem específico Suprimido Ubicación habitual Ubicación actual Localización Fecha de creación Forma de adquisición
05/03/2026 1 792.09 M665e 100174622 28/03/2026 Ej.1 26000.00 26/11/2025 Libro Spot Teatro Musical   DEWEY     Libro   Sede del emprendimiento y la innovación Sede del Emprendimiento, Innovación y Creación 1er piso 26/11/2025 Donación